Loading...
| Religion | 0 | 6 | 0 | 2 | 60 | 59 | 78.50 | 1 | 5 | 16.33 | 43.43 |
| History - Other | 0 | 5 | 0 | 0 | 50 | 43 | 51.20 | 2 | 4 | 24.08 | 37.37 |
| Literature - American | 0 | 5 | 0 | 0 | 50 | 50 | 68.60 | 1 | 4 | 19.99 | 32.32 |
| Social Science | 0 | 4 | 0 | 1 | 40 | 29 | 57.00 | 1 | 2 | 25.69 | 36.51 |
| Literature - British | 0 | 4 | 0 | 0 | 40 | 65 | 81.00 | 0 | 1 | 10.01 | 20.20 |
| Literature - World | 0 | 4 | 0 | 1 | 40 | 67 | 77.75 | 0 | 1 | 12.38 | 22.22 |
| Popular Culture | 0 | 4 | 0 | 2 | 40 | 33 | 82.50 | 0 | 0 | 18.25 | 27.78 |
| Fine Arts - Painting and Sculpture | 0 | 4 | 1 | 1 | 35 | 58 | 82.50 | 0 | 1 | 9.90 | 18.18 |
| Philosophy | 0 | 3 | 0 | 0 | 30 | 28 | 73.00 | 0 | 1 | 10.57 | 20.99 |
| Literature - European | 0 | 3 | 0 | 1 | 30 | 36 | 74.33 | 0 | 2 | 10.05 | 15.15 |
| Geography | 0 | 2 | 0 | 0 | 20 | 16 | 33.50 | 1 | 2 | 23.09 | 31.48 |
| Fine Arts - Other | 0 | 3 | 2 | 1 | 20 | 60 | 84.00 | 1 | 1 | 8.13 | 18.18 |
| History - American | 0 | 2 | 0 | 0 | 20 | 45 | 58.50 | 1 | 1 | 8.32 | 14.14 |
| Mythology | 0 | 1 | 0 | 0 | 10 | 77 | 77.00 | 0 | 1 | 3.00 | 3.03 |
| Science - Biology | 0 | 1 | 0 | 0 | 10 | 44 | 44.00 | 0 | 1 | 5.55 | 8.08 |
| Current Events | 0 | 1 | 0 | 0 | 10 | 82 | 82.00 | 0 | 0 | 4.81 | 8.89 |
| History - World | 0 | 1 | 1 | 0 | 5 | 65 | 65.00 | 1 | 1 | 3.67 | 9.09 |
| Fine Arts - Classical Music | 0 | 0 | 1 | 0 | -5 | 0.00 | 0 | 0 | 0.00 | 0.00 |